| Tag |
First Indicator |
Second Indicator |
Subfields |
| LEADER |
00000cam a2200000 4500 |
| 001 |
in00000031550 |
| 005 |
20151007061722.0 |
| 008 |
760108s1910 pau 00010 eng |
| 010 |
|
|
|a 10013487
|
| 035 |
|
|
|a (OCoLC)01917944
|
| 035 |
|
|
|9 AAD2867AM
|
| 040 |
|
|
|a DLC
|c FHM
|d TXA
|d UtOrBLW
|
| 049 |
|
|
|a TXAM
|c [157255]
|
| 050 |
0 |
0 |
|a PN6341
|b .L6
|
| 092 |
|
|
|a 808.87
|b L913t
|
| 100 |
1 |
|
|a Lowe, Paul E.
|q (Paul Emilius),
|d 1850-
|
| 245 |
1 |
4 |
|a The twentieth century book of toasts ;
|b gems of thought from the master minds ... /
|c ed. by Paul E. Lowe, Ph. D.
|
| 264 |
|
1 |
|a Philadelphia :
|b D. McKay,
|c [1910]
|
| 264 |
|
4 |
|c [©1910]
|
| 300 |
|
|
|a 180 pages ;
|c 20 cm.
|
| 336 |
|
|
|a text
|b txt
|2 rdacontent
|
| 337 |
|
|
|a unmediated
|b n
|2 rdamedia
|
| 338 |
|
|
|a volume
|b nc
|2 rdacarrier
|
| 650 |
|
0 |
|a Toasts.
|
| 999 |
|
|
|a MARS
|
| 999 |
f |
f |
|s 6b414bf2-2fa0-3e89-9d76-6421982dbb70
|i 297baa96-89d0-334d-84b6-d3364a9b32ea
|t 0
|
| 952 |
f |
f |
|p ric
|a Texas A&M University
|b Rellis Campus
|c Joint Library Facility
|d Remote Storage
|t 0
|e PN6341 .L6
|h Library of Congress classification
|i unmediated -- volume
|m A14801204329
|
| 998 |
f |
f |
|a PN6341 .L6
|t 0
|l Remote Storage
|